Language Quiz

Random Language or Letter Quiz

A-Z of A Quiz Stats

 Plays Quiz Updated Aug 21, 2012

Challenge
Share
Tweet
Embed
Score 0/26 Timer 05:00
0 Plays Today
Clue Word % Correct
Nocturnal African insect-eating mammal with long ears and a pig-like snoutAardvark
92.9%
Like a door, left partly openAjar
91.7%
A special tank used for pet fishAquarium
89.9%
Main artery of the human bodyAorta
89.6%
Rapid snow falling down a mountainAvalanche
89.2%
A lawyerAttorney
88.3%
Directly in front ofAhead
86%
A reddish brown color or a university in AlabamaAuburn
84.9%
A figure skating jump with a one and a half turnAxel
81.4%
Able to use both left and right hands equally as wellAmbidextrous
80.1%
Sky blueAzure
79.5%
Lacking grace or dexterity, clumsyAwkward
79.5%
Star-shaped punctuation mark used to draw attention to a footnoteAsterisk
77.2%
Clue Word % Correct
Musical instrument with keys and bellowsAccordion
76.9%
Torturous pain, distress or anguishAgony
69.9%
Of mountains in general, or specifically the range in southern EuropeAlpine
68%
Written statement of facts voluntarily made under oathAffidavit
67.2%
Old-school pharmacistApothecary
66.4%
Adjective to describe objects of the air or a TV antennaAerial
66.1%
Seeds of the Pimpinella plant with a liquorice-like flavorAnise
65%
Venomous snake of the viper familyAdder
64.6%
Garlic mayonnaiseAioli
54.5%
A truce or a temporary suspension of hostilitiesArmistice
50.4%
With hands on hips and elbows pointing outwardAkimbo
46%
Inspiring disgust and loathingAbhorrent
44.7%
A religious leader of the Shiite MuslimsAyatollah
44.3%

You're not logged in!

Compare scores with friends on all Sporcle quizzes.
Join for Free
OR
Log In

You Might Also Like...

Show Comments

Extras

Top Quizzes Today


Score Distribution

Your Account Isn't Verified!

In order to create a playlist on Sporcle, you need to verify the email address you used during registration. Go to your Sporcle Settings to finish the process.

Report this User

Report this user for behavior that violates our Community Guidelines.

Details: